000 02188nam a2200505 i 4500
001 000037602
003 DO-SdBNP
005 20260305073959.0
006 a||||gr|||| 00| 0
007 ta
008 121001m2010 ao e 000 spa d
020 _a97899450013123
040 _aDO-SdBNP
_bspa
_cBNPHU
_erda
041 _hspa
082 4 _a730.7293
_bG376
_222
100 1 _aGerón, Candido,
_d1948-
_eautor
_93577
245 1 0 _aEnciclopedia de las artes visuales dominicanas = Encyclopedia of the dominican visual arts 1844-2010 /
_cCándido Gerón; fotografía, Gianfranco Lanzetti, Ricardo Thorman, Mariano Hernández, Humberto Arvelo, Víctor Eugenio Cortina; traducción, Altagracia Amelia Cabral.
246 _aEncyclopedia of the dominican visual arts 1844-2010.
250 _aOctava edición
264 1 _aSanto Domingo :
_bEditorial Centernario,
_c2010
300 _a548 páginas :
_bilustraciones, retratos ;
_c30 cm.
336 _2rdacontent
_atexto
_btxt
337 _2rdamedia
_asin mediación
_bn
338 _2rdacarrier
_avolumen
_bnc
500 _aIncluye datos biográficos del autor en las solapas de las cubiertas.
500 _aLa biblioteca posee el volumen 2
500 _aTexto a dos columnas.
500 _aIncluye pie de fotos.
500 _aIncluye datos biográficos.
505 _av. 1
_tEnciclopedia de las artes visuales dominicana /
_rCándido Gerón --
_gv. 2
_tEncyclopedia of the dominican visual arts /
_rCándido Gerón --
546 _aTexto en español.
586 _aPremio Nacional de Didáctica, 1988.
590 _aInventariado 2024 / MF
650 0 _aBellas artes
_xBiografía
_zRepública Dominicana
_962514
650 4 _aArtes Plásticas
_xBiografía
_922946
_zRepública Dominicana
650 0 _aArtes
_9650
700 1 _aCabral, Altagracia Amelia,
_etraductora
_943780
700 1 _aLanzetti, Gianfranco,
_efotografía
_962924
700 1 _aThorman , Ricardo,
_efotografía
_959363
700 1 _aHernández, Mariano,
_efotografía
_959875
700 1 _aArvelo, Humberto,
_efotografía
_986098
700 1 _aCortina, Víctor Eugenio,
_efotografía
_943781
910 _aValidado. Control de Calidad/MAA
942 _2ddc
_cLBS1
999 _c37092
_d37092